000 00857nam a2200217Ia 4500
003 Ost
005 20260507075632.0
008 260507s9999||||xx |||||||||||||| ||und||
040 _cfsecg
041 _aara
082 _a657.95
100 _aالمومني، منذ طلال
_eمؤلف
245 0 _aمحاسبة شركات الأشخاص /
_c منذ طلال المومني
260 _aالاردن:
_bدار الكندي للنشر والتوزيع,
_c1999
300 _a241 صفحة؛
_c24 سم
504 _aالمراجع ص.239
520 _aأنواع الشركات وتكوين شركات التضامن ، الحسابات الشخصية للشركاء، التغير في عقد التضامن ، فسخ شراكة التضامن وتصفيتها
653 _aشركات الأشخاص
653 _aمحاسبة
942 _cكتاب
999 _c45239
_d45239